| 000 | 00979nam a22002897a 4500 | ||
|---|---|---|---|
| 001 | 7107 | ||
| 003 | FISKH | ||
| 005 | 20250623155845.0 | ||
| 008 | 250623b cb ||||| |||| 00| 0 eng d | ||
| 020 | _a9780531281567 | ||
| 040 |
_aFISKH _beng _cFISKH _dFISKH |
||
| 050 | _aE806 .M426 | ||
| 082 | _a973.916 | ||
| 100 | _aMcDaniel, Melissa | ||
| 245 |
_aThe great depression / _c By Melissa McDaniel |
||
| 260 |
_aNew York : _bScholastic , _c2013. |
||
| 300 |
_a64 pages : _bcolor illustrations ; _c23 cm . |
||
| 490 |
_aCornerstones of Freedom _vThird Series |
||
| 505 | _aZ | ||
| 520 | _aLearn about the Great Depression, from its roots in the economic boom of the 1920s to its conclusion during World War II. | ||
| 521 | 8 |
_a880
_bLexile |
|
| 521 | 8 |
_aZ
_bRaz-Plus |
|
| 650 |
_aUnited States- History---1919-1945 _vJuvenile Literature |
||
| 650 |
_aUnited States- History---1919-1933 _vJuvenile Literature |
||
| 942 |
_2ddc _cBK _n0 |
||
| 999 |
_c7107 _d7107 |
||